000 00968nas a2200325 4500
001 BR2014003419
003 BR-BrBNA
005 20231205124055.0
007 ta
008 230509b bl.|||p| |||| 00| 00por d
040 _aBR-BrBNA
_bpor
_cBiblioteca Nacional de Agricultura
041 _a(En)
072 _aF01
100 1 _aAzevedo, A.M.
100 1 _aAndrade Júnior, V.C.
100 1 _aViana, D.J.S.
100 1 _aElsayed, A.Y.M.
100 1 _aPedrosa, C.E.
100 1 _aNeiva, I.P.
100 1 _aFigueiredo, J.A.
245 1 _aInfluence of harvest time and cultivation sites on the productivity and quality of sweet potato
650 _aBATATA DOCE
650 _aPRODUTIVIDADE
650 _aCOLHEITA
650 _aPROTEÍNA BRUTA
650 _aQUALIDADE
773 0 _tHorticultura Brasileira (Brazil)
_xISSN 0102-0536
_g(Jan-Mar 2014), v. 32(1) p. 21-27
_wBR2014003419
909 _a202311
_bLúcia
_c55
_dLúcia Elande
942 _2AGRIS
_n0
_cANA
999 _c237167
_d237167